000 00562nam a2200181Ia 4500
003 OSt
005 20200706150451.0
008 190216s9999||||xx |||||||||||||| ||und||
020 _a9789384075354
040 _coclc
082 _a954.8
_bREH/E
100 _aRehman, M P Mujeebu
_93169
245 0 _aExplorations In South Indian History /
_cM P Mujeebu Rehman ; K S Madhavan
260 _bSahithya Pravarthaka Co-Operative,
_c2014.
_aTrivandrum:
300 _a400p
650 _aHistory
942 _cBK
_2ddc
_h954.8
_iREH/E
_k954.8
_mREH/E
999 _c21859
_d21859